000 01199nam a2200373 a 4500
999 _c23257
_d23257
001 vtls009294333
005 20220615113035.0
008 160610s2008 xo l d p 000 0 slo
020 _a9788022524780 (brož.)
035 _aEFFCF736-2372-4BD9-A391-B76718471CF0
035 _aurn:nbn:sk:snk-amlg3l
035 _aurn:nbn:sk:snk-am0093gc
040 _aSNK
_bslo
_cSNK
_eAACR2
041 0 _aslo
044 _axo
_cSK
072 7 _a339
_xObchod
_2konspekt
080 _a339.138
_22001
080 _a(075.8)
_22001
100 1 _aČimo, Jozef,
_d1942-
_93103
245 1 0 _aMarketingové aplikácie
_cJozef Čimo a kolektív
250 _a1. vyd.
260 _aBratislava
_bEkonóm
_c2008
300 _a389 s.
_bsch., tab.
_c20 cm
650 0 7 _amarketing
_2SNKPH
_93035
655 7 _aučebnice vysokých škôl
_2SNKPH
_93091
700 1 _aČihovská, Viera,
_d1948-
_4aut
_93104
700 1 _aFrancová, Zuzana,
_d1971-
_4aut
_93105
700 1 _aHasprová, Mária,
_d1970-
_4aut
_93106
700 1 _aLipianska, Júlia,
_d1950-
_4aut
_93107
700 1 _aOreský, Milan
_4aut
_93108
700 1 _aŠtensová, Antónia,
_d1940-
_4aut
_93109
700 1 _aTajtáková, Mária
_4aut
_93110
958 _aNB